Loading...
| Fine Arts - Auditory Fine Arts | 6 | 18.33 | 100% | 67% | 17% |
| Fine Arts - Other Fine Arts | 8 | 18.75 | 100% | 63% | 25% |
| Fine Arts - Visual Fine Arts | 3 | 16.67 | 100% | 67% | 0% |
| Geography | 2 | 25.00 | 100% | 100% | 50% |
| History - American History | 6 | 13.33 | 100% | 17% | 17% |
| History - European History | 6 | 21.67 | 100% | 67% | 50% |
| History - Other History | 6 | 23.33 | 100% | 83% | 50% |
| History - World History | 6 | 21.67 | 100% | 83% | 33% |
| Literature - American Literature | 6 | 18.33 | 100% | 67% | 17% |
| Literature - British Literature | 8 | 21.25 | 100% | 88% | 25% |
| Literature - European Literature | 7 | 21.43 | 100% | 86% | 29% |
| Literature - World Literature | 7 | 22.86 | 100% | 86% | 43% |
| Mythology | 5 | 16.00 | 100% | 40% | 20% |
| Other Academic | 1 | 20.00 | 100% | 100% | 0% |
| Philosophy | 6 | 15.00 | 100% | 50% | 0% |
| Pop Culture | 3 | 10.00 | 100% | 0% | 0% |
| Popular Culture | 1 | 20.00 | 100% | 0% | 100% |
| Religion | 4 | 22.50 | 100% | 75% | 50% |
| Science - Biology | 5 | 20.00 | 100% | 80% | 20% |
| Science - Chemistry | 7 | 18.57 | 100% | 71% | 14% |
| Science - Other Science | 4 | 12.50 | 100% | 25% | 0% |
| Science - Physics | 4 | 7.50 | 75% | 0% | 0% |
| Social Science | 7 | 14.29 | 86% | 57% | 0% |